[Event "Troisdorf op "]
[Site "Troisdorf"]
[Date "2010.11.02"]
[Round "2"]
[White "Karbach, Helmut"]
[Black "Moews, Thomas"]
[Result "0-1"]
[WhiteElo "1541"]
[BlackElo "1743"]
[PlyCount "71"]
[EventDate "2010.10.26"]
[EventType "swiss"]
[EventRounds "7"]
[EventCountry "GER"]
[SourceTitle "EXT 2013"]
[Source "ChessBase"]
[SourceDate "2012.11.22"]
[SourceVersion "1"]
[SourceVersionDate "2012.11.22"]
[SourceQuality "1"]

1. e4 e5 2. Nf3 Nc6 3. d4 exd4 4. Nxd4 Qh4 5. Nxc6 Qxe4+ 6. Qe2 Qxe2+ 7. Bxe2 dxc6 8. 0-0 Bf5 9. c4 0-0-0 10. Nd2 Nf6 11. b3 Bb4 12. Nb1 Ne4 13. a3 Bc5 14. Be3 Bxe3 15. fxe3 Bg6 16. Bg4+ Kb8 17. Bf3 Rhe8 18. Bxe4 Rxe4 19. Kf2 Rd3 20. Ra2 Rexe3 21. Rd2 Rxd2+ 22. Nxd2 Rd3 23. Ke2 Rd6 24. Rf2 f6 25. Ke1 Bc2 26. Re2 b5 27. Kf2 Rd7 28. b4 Bd1 29. Re8+ Kb7 30. Ke1 Bh5 31. Nb3 Bxe8 32. Nc5+ Kc8 33. Nxd7 Kxd7 34. c5 Ke6 35. Ke2 Kd5 36. Kd3 0-1